000 00491nam a2200181Ia 4500
003 GCL
008 140319s9999 xx 000 0 eng d
040 _aGCL /
_cGCL
082 0 4 _a026
_bK E
100 1 _aKENT, ALLEN
245 1 0 _aENCYCLOPEDIA OF LIBRARY AND INFORMATION SCIENCE /
_cKENT, ALLEN
260 _a[S.N] :
_bMARCEL DEKKER, INC
300 _a361 P
650 0 4 _aLIBRARY SCIENCE
650 0 4 _aINFORMATION SCIENCE
650 0 4 _aENCYCLOPEDIAS AND DICTIONARIES
942 _2ddc
_cBK
999 _c17002
_d17002